What's that pokémon type? - Statistics

General Stats
  • This quiz has been taken 185 times
  • The average score is 40 of 54
Answer Stats
Hint Extra Hint Answer % Correct
Rapidash
90%
Slugma
89%
Pikachu
89%
Avalugg
89%
Alakazam
87%
Torchic
86%
Weezing
86%
Hitmonlee
86%
Registeel
86%
Klink
85%
Caterpie
84%
Sylveon
84%
Oshawott
83%
Poliwag
83%
Primeape
83%
Diglett
83%
Grimer
82%
Umbreon
82%
Vanillite
82%
Kyogre
81%
Bidoof
80%
Kricketune
80%
Wooloo
79%
Mareep
79%
Ditto
78%
Wurmple
78%
Luxio
77%
Skiddo
77%
Meltan
76%
Mew
75%
Dratini
74%
Seviper
73%
Rookidee
73%
Naclstack
72%
Seedot
71%
Poochyena
70%
Duskull
70%
Corvisquire
69%
Haxorus
68%
Glalie
68%
Greavard
68%
Cleffa
66%
Tangela
65%
Tornadus
65%
Absol
64%
Yamask
58%
Cubone
58%
Donphan
57%
Jangmo-o
54%
Sudowoodo
52%
Rockruff
52%
Unown
45%
Floette
44%
Sirfetch'd
38%
No matching quizzes found
Score Distribution
Percent of People with Each Score
Percentile by Number Answered
Your Score History
You have not taken this quiz